Globalization, embedded realism, and path dependence: the other immigrants to Europe (Record no. 52330)

000 -LEADER
fixed length control field 01567pab a2200169 454500
008 - FIXED-LENGTH DATA ELEMENTS--GENERAL INFORMATION
fixed length control field 180718b2002 xxu||||| |||| 00| 0 eng d
100 ## - MAIN ENTRY--PERSONAL NAME
Personal name Hansen, Randall
245 ## - TITLE STATEMENT
Title Globalization, embedded realism, and path dependence: the other immigrants to Europe
260 ## - PUBLICATION, DISTRIBUTION, ETC.
Date of publication, distribution, etc. 2002
300 ## - PHYSICAL DESCRIPTION
Extent p.259-83.
362 ## - DATES OF PUBLICATION AND/OR SEQUENTIAL DESIGNATION
Dates of publication and/or sequential designation Apr
520 ## - SUMMARY, ETC.
Summary, etc. Long confined to historians and sociologists, the study of immigration has garnered increased interest among political scientists. Two dominant schools - the globalization and embedded realist theses - have attempted to account for the gap between restrictionist intentions of governments and continuing immigation (the gap hypothesis). The globalization thesis argues that international norms and institutions limit governments' ability to control migration; the embeded realist thesis counters that limits on state autonomy are domestic. This article argues that although the embedded realist thesis is on stronger conceptual ground, both fail to account for two central categories of immigrants to Europe: colonial immigrants to France and Britain and asylum seekers to Germany. Drawing on historical institutionalist work, this article employs a path-dependent analysis to account for these categories. Against their own wishes, government found themselves accepting larger migrations and naturalizations because of the path-dependent effects of their own citizenship and constitutional regimes. - Reproduced.
650 ## - SUBJECT ADDED ENTRY--TOPICAL TERM
Topical term or geographic name entry element Globalization
650 ## - SUBJECT ADDED ENTRY--TOPICAL TERM
Topical term or geographic name entry element Immigrants
773 ## - HOST ITEM ENTRY
Main entry heading Comparative Political Studies
909 ## -
-- 52330
Holdings
Withdrawn status Lost status Damaged status Not for loan Permanent Location Current Location Date acquired Serial Enumeration / chronology Barcode Date last seen Price effective from Koha item type
        Indian Institute of Public Administration Indian Institute of Public Administration 2018-07-19 Volume no: 35, Issue no: 3 AR52760 2018-07-19 2018-07-19 Articles

Powered by Koha